000 00414nam a2200157 i 4500
001 85361
003 ES-MaACL
005 20230906175229.0
007 t|
008 041126s1973 sp ||||1| spa d
100 1 _aJovial Alemany, Juan.
_967069
245 1 3 _aLa esterilidad /
_cJuan Jovial Alemany.
260 _aMadrid :
_bMaisal,
_c[1973]
300 _a133 p. ;
_c18 cm.
852 _aES-MaACL
_jC-52911
_bR.86269
999 _c85361
_d85361